| 000 | 01629nam a22004217a 4500 | ||
|---|---|---|---|
| 003 | OSt | ||
| 005 | 20230628125959.0 | ||
| 008 | 221006b |||||||| |||| 00| 0 eng d | ||
| 040 | _cBiblioteca Lado V | ||
| 082 |
_a709.05 _bE61n |
||
| 100 |
_9859 _aEnwezor, Okwui _eeditor |
||
| 245 |
_aNika/ _bJournal Contemporary African Art/ |
||
| 260 |
_aAfrica _bFundación Prince Claus _c1999 |
||
| 300 |
_c23x20.5cm _a72p. |
||
| 366 | _espa | ||
| 490 |
_a10 _v1999 |
||
| 505 | _aEDITOR´S LETTER | ||
| 505 | _aINVISIBLEVILLE: THE WORK OF BODY ISEK KINGELEZ | ||
| 505 | _aON BOARD THE RAFT OF THE MEDUSA | ||
| 505 | _aKAYHASSAN: BORDERS AND BORDERLANDS | ||
| 505 | _aBRILLIANT: BOB THOMPSON AND HIS MILIEU | ||
| 505 | _aMONA MARZOUK: PUBLICINTIMACIES | ||
| 505 | _aPLANTING THE TREES OF SPECIFICITY: AN INTERVIEW WITH GASTON KABORE | ||
| 505 | _aSTUDIO CALL: MARY EVANS | ||
| 505 | _aCAPTAIN SHIT AND OTHER ALLERGORIES OF BLACK STARDOM: THE WORK OF CHRIS OFILI | ||
| 505 | _aTHE DRAMA OF COLOR: ZWELETHA MTHETWA | ||
| 505 | _aLITTLE BIGHORN ON THE SEINE: OUSMANESOW | ||
| 505 | _aBLANK_: ARCHITECTURE, APARTHEID AND AFTER | ||
| 505 | _aTHE 24TH SAO PAULO BIENNALE | ||
| 505 | _aTHE CAIRO BIENNALE | ||
| 650 |
_2Tesauro de Arte & Arquitectura _aARTE CONTEMPORANEO _9703 |
||
| 650 |
_2Tesauro de Arte & Arquitectura _aAUDIO _9702 |
||
| 650 |
_2Tesauro de Arte & Arquitectura _aMUSICA _9702 |
||
| 650 |
_2Tesauro de Arte & Arquitectura _aHISTORIA |
||
| 650 |
_2Tesauro de Arte & Arquitectura _aMUSEOS |
||
| 651 |
_2Tesauro de Arte & Arquitectura _aAFRICA |
||
| 942 |
_2ddc _c1 _h709.05 _iE61n _n0 |
||
| 999 |
_c3952 _d3952 |
||